000 00676nam a22002057a 4500
005 2010080306356.0
010 _aENG-97296
020 _a9788180940644
_c320.00
035 _aEN-80829
037 _bDBAD/PUB
082 _a620.5
100 _aShanmugam,S
_94821
245 F _aNanotechnology /
_cby S Shanmugam
260 _aChennai
_bMJP Publishers
_c2010
270 _a47,Nallathambi Street
_bChennai
_e600005
300 _axxii,274p.
_c23 cm (pbk)
500 _aIncludes index
942 _2ddc
_cEN
_h620.5
_mSHA
999 _c38878
_d38878